Normal view
MARC view
- تحليل النظم - ادارة استراتيجية - التخطيط ارلاداري
Entry Topical Term
001 - CONTROL NUMBER
- control field: 57170
003 - CONTROL NUMBER IDENTIFIER
- control field: JO-AjAnu
005 - DATE AND TIME OF LATEST TRANSACTION
- control field: 20230606083350.0
008 - FIXED-LENGTH DATA ELEMENTS
- fixed length control field: 230606|| aca||aabn | a|a d
040 ## - CATALOGING SOURCE
- Original cataloging agency: JO-AjAnu
- Transcribing agency: JO-AjAnu
150 ## - HEADING--TOPICAL TERM
- Topical term or geographic name entry element: تحليل النظم - ادارة استراتيجية - التخطيط ارلاداري
670 ## - SOURCE DATA FOUND
- Source citation: Work cat.: (JO-AjAnu)29170: خطاب، عايدة سيد, author 57169, سياسات ادارية: الادارة الاستراتيجية في قطاع الاعمال والخدمات